000
002700000a22000970004500
100
1
_a
Foster, Graham
245
1
0
_a
Making sense of Matthew 25:31-46
300
_a
Vol. 16, Num. 2 (1998), Páginas 128-139
773
0
_t
Scottish Bulletin of Evangelical Theology
942
_c
ANA
999
_c
55751
_d
55751